000 00479nam a2200181Ia 4500
001 8572
005 20260306160619.0
008 260306t2006||||xx |||||||||||||| ||spa||
041 _aESP
082 _a371.144
_bP57
100 _aPilonieta, Germán
_eAUT
245 0 _aEvaluación de competencias profesionales básicas del docente:
_bestrategia efectiva
260 _c2006
300 _a176 páginas :
_c21 cm.
650 _aGEN
654 _aCED
942 _cLIB
_dJUS
_fJUS
_2ddc
_n
999 _c8572
_d8572